|
|
|
|
| LEADER |
01000caa a2200265 c 4500 |
| 001 |
1785963422 |
| 003 |
DE-627 |
| 005 |
20240508134557.0 |
| 007 |
tu |
| 008 |
220113s2021 xx ||||| 00| ||ger c |
| 035 |
|
|
|a (DE-627)1785963422
|
| 035 |
|
|
|a (DE-599)KXP1785963422
|
| 040 |
|
|
|a DE-627
|b ger
|c DE-627
|e rda
|
| 041 |
|
|
|a ger
|
| 084 |
|
|
|a 1
|2 ssgn
|
| 084 |
|
|
|a 966
|2 bwlb
|
| 100 |
1 |
|
|a Grutschnig-Kieser, Konstanze
|d 1970-
|e verfasserin
|0 (DE-588)131604155
|0 (DE-627)51128411X
|0 (DE-576)298619008
|4 aut
|
| 245 |
1 |
4 |
|a Die immerwährende Sorge um die historischen Pfarrbibliotheken
|c Konstanze Grutschnig-Kieser
|
| 264 |
|
1 |
|c 2021
|
| 336 |
|
|
|a Text
|b txt
|2 rdacontent
|
| 337 |
|
|
|a ohne Hilfsmittel zu benutzen
|b n
|2 rdamedia
|
| 338 |
|
|
|a Band
|b nc
|2 rdacarrier
|
| 610 |
2 |
7 |
|0 (DE-588)2010129-6
|0 (DE-627)101681364
|0 (DE-576)191649589
|a Evangelische Landeskirche in Württemberg
|2 gnd
|7 (dpeaa)DE-631
|
| 648 |
|
7 |
|a Geschichte 1918-1933
|2 gnd
|7 (dpeaa)DE-631
|
| 648 |
|
4 |
|a 20. Jahrhundert 1918-1933
|0 (DE-631)36503
|7 (dpeaa)DE-631
|
| 650 |
0 |
7 |
|0 (DE-588)4163946-7
|0 (DE-627)105451096
|0 (DE-576)209884932
|a Kirchliche Bibliothek
|2 gnd
|7 (dpeaa)DE-631
|
| 650 |
0 |
7 |
|0 (DE-588)4173996-6
|0 (DE-627)105375659
|0 (DE-576)209954175
|a Pfarrbibliothek
|2 gnd
|7 (dpeaa)DE-631
|
| 651 |
|
7 |
|0 (DE-588)4004176-1
|0 (DE-627)106387154
|0 (DE-576)208854444
|a Baden-Württemberg
|2 gnd
|7 (dpeaa)DE-631
|
| 773 |
0 |
8 |
|i Enthalten in
|t Blätter für württembergische Kirchengeschichte
|d Stuttgart : Scheufele, 1886
|g 121 (2021), Seite 161-165
|w (DE-627)129065870
|w (DE-600)1137-X
|w (DE-576)014397099
|x 0341-9479
|7 nnas
|
| 773 |
1 |
8 |
|g volume:121
|g year:2021
|g pages:161-165
|
| 912 |
|
|
|a GBV_USEFLAG_U
|
| 912 |
|
|
|a GBV_ILN_2019
|
| 912 |
|
|
|a ISIL_DE-Tue135
|
| 912 |
|
|
|a SYSFLAG_1
|
| 912 |
|
|
|a GBV_KXP
|
| 912 |
|
|
|a GBV_ILN_11
|
| 912 |
|
|
|a GBV_ILN_40
|
| 912 |
|
|
|a GBV_ILN_50
|
| 912 |
|
|
|a GBV_ILN_123
|
| 912 |
|
|
|a GBV_ILN_130
|
| 912 |
|
|
|a GBV_ILN_267
|
| 912 |
|
|
|a GBV_ILN_350
|
| 912 |
|
|
|a GBV_ILN_807
|
| 912 |
|
|
|a GBV_ILN_2001
|
| 912 |
|
|
|a GBV_ILN_2002
|
| 912 |
|
|
|a GBV_ILN_2006
|
| 912 |
|
|
|a GBV_ILN_2007
|
| 912 |
|
|
|a GBV_ILN_2008
|
| 912 |
|
|
|a GBV_ILN_2011
|
| 912 |
|
|
|a GBV_ILN_2012
|
| 912 |
|
|
|a GBV_ILN_2015
|
| 912 |
|
|
|a GBV_ILN_2016
|
| 912 |
|
|
|a GBV_ILN_2018
|
| 912 |
|
|
|a GBV_ILN_2036
|
| 912 |
|
|
|a GBV_ILN_2038
|
| 912 |
|
|
|a GBV_ILN_2043
|
| 912 |
|
|
|a GBV_ILN_2046
|
| 912 |
|
|
|a GBV_ILN_2067
|
| 912 |
|
|
|a GBV_ILN_2083
|
| 912 |
|
|
|a GBV_ILN_2140
|
| 912 |
|
|
|a GBV_ILN_2163
|
| 912 |
|
|
|a GBV_ILN_2175
|
| 912 |
|
|
|a GBV_ILN_2178
|
| 912 |
|
|
|a GBV_ILN_2193
|
| 912 |
|
|
|a GBV_ILN_2195
|
| 912 |
|
|
|a GBV_ILN_2208
|
| 912 |
|
|
|a GBV_ILN_2227
|
| 912 |
|
|
|a GBV_ILN_2247
|
| 912 |
|
|
|a GBV_ILN_2253
|
| 912 |
|
|
|a GBV_ILN_2264
|
| 912 |
|
|
|a GBV_ILN_2309
|
| 912 |
|
|
|a GBV_ILN_2466
|
| 912 |
|
|
|a GBV_ILN_2467
|
| 912 |
|
|
|a GBV_ILN_2469
|
| 912 |
|
|
|a GBV_ILN_2505
|
| 912 |
|
|
|a GBV_ILN_2506
|
| 912 |
|
|
|a GBV_ILN_2552
|
| 912 |
|
|
|a GBV_ILN_2579
|
| 912 |
|
|
|a GBV_ILN_4012
|
| 912 |
|
|
|a GBV_ILN_4028
|
| 912 |
|
|
|a GBV_ILN_4082
|
| 912 |
|
|
|a GBV_ILN_4155
|
| 912 |
|
|
|a GBV_ILN_4193
|
| 912 |
|
|
|a GBV_ILN_4253
|
| 912 |
|
|
|a GBV_ILN_4302
|
| 912 |
|
|
|a GBV_ILN_4305
|
| 912 |
|
|
|a GBV_ILN_4306
|
| 912 |
|
|
|a GBV_ILN_4310
|
| 912 |
|
|
|a GBV_ILN_4325
|
| 912 |
|
|
|a GBV_ILN_2568
|
| 912 |
|
|
|a GBV_ILN_2036
|
| 912 |
|
|
|a ISIL_DE-Stg117
|
| 912 |
|
|
|a GBV_ILN_2568
|
| 912 |
|
|
|a ISIL_DE-631
|
| 935 |
|
|
|a BWLB
|
| 951 |
|
|
|a AR
|
| 952 |
|
|
|d 121
|j 2021
|h 161-165
|y 121 (2021), Seite 161-165
|
| 980 |
|
|
|2 2019
|1 01
|x DE-Tü135
|b 4034442360
|c 00
|f --%%--
|d --%%--
|e --%%--
|j n
|y l01
|z 13-01-22
|
| 980 |
|
|
|2 2036
|1 01
|x DE-Stg117
|b 4289502881
|c 00
|f --%%--
|d --%%--
|e --%%--
|j --%%--
|y l01
|z 14-03-23
|
| 980 |
|
|
|2 2568
|1 01
|x DE-631
|b 4434777734
|c 00
|f --%%--
|d --%%--
|e --%%--
|j n
|k Nachweis der Landesbibliographie Baden-Württemberg
|y l01
|z 11-12-23
|
| 983 |
|
|
|2 2019
|1 01
|x DE-Tü135
|8 00
|0 (DE-627)1442044721
|a KBB
|